00676nam a22001937a 4500003000900000008004100009040007100050082001800121100002900139245007300168260005000241300002400291505006600315650002100381650001100402650000900413700002900422700003100451AR-CdUCM190226b ||||| |||| 00| 0 spa d aMUNICIPALIDAD PROVINCIAL DEL CUSCOcBIBLIOTECA MUNICIPAL DEL CUSCO a808.82 /bT33 aTejada Manrique, Juan M. aDaniel el Gamonal :bLos Falsos Artistas /cTejada Manrique, Juan M. aLima :bNuestra Señora de la Merced,c1995. a166 paginas ;c25cm aEscena I -- Escena II -- Escena III -- Escena IV -- Escena V. aPiezas teatrales aEnsayo aPeru aAzalgara Ballon, Enrique aCarrasco Yactayo, Patricia